| 000 | 00424cam a2200181ua 4500 | ||
|---|---|---|---|
| 020 | _c3.25 | ||
| 041 |
_ahin _h |
||
| 082 |
_a891.54 _bUPE/CH |
||
| 100 | _aUpendra Nath, Ashk . | ||
| 245 |
_aCharvahe / _cUpendra Nath Ashk. _hTextual Documents |
||
| 250 |
_a2 / _b. |
||
| 260 |
_aPrayag : _bNeelab Prakashan , _c1961. |
||
| 300 | _a179 ; . | ||
| 365 | _a3.25 | ||
| 504 | _a | ||
| 942 | _cBK | ||
| 999 |
_c6421 _d6421 |
||